Uncle Shelby's story of Lafcadio, the lion who shot back / (Record no. 1496)

MARC details
000 -LEADER
fixed length control field 01097cam a22002897i 4500
005 - DATE AND TIME OF LATEST TRANSACTION
control field 20230828163320.0
020 ## - INTERNATIONAL STANDARD BOOK NUMBER
International Standard Book Number 9780060256753 (trade bdg.)
020 ## - INTERNATIONAL STANDARD BOOK NUMBER
International Standard Book Number 0060256753 (trade bdg.)
020 ## - INTERNATIONAL STANDARD BOOK NUMBER
International Standard Book Number 9780060256760 (lib. bdg.)
020 ## - INTERNATIONAL STANDARD BOOK NUMBER
International Standard Book Number 0060256761 (lib. bdg.)
040 ## - CATALOGING SOURCE
Original cataloging agency MDB
Language of cataloging eng
Transcribing agency MDB
Description conventions rda
Modifying agency OCLCO
-- DLC
050 00 - LIBRARY OF CONGRESS CALL NUMBER
Classification number PZ7.S588
Item number Us 2013
082 04 - DEWEY DECIMAL CLASSIFICATION NUMBER
Classification number [Fic]
Edition number 23
100 1# - MAIN ENTRY--PERSONAL NAME
Personal name Silverstein, Shel,
Relator term author.
245 10 - TITLE STATEMENT
Title Uncle Shelby's story of Lafcadio, the lion who shot back /
Statement of responsibility, etc. Shel Silverstein.
246 30 - VARYING FORM OF TITLE
Title proper/short title Lafcadio, the lion who shot back
300 ## - PHYSICAL DESCRIPTION
Extent 104 pages :
Other physical details illustrations ;
Dimensions 24 cm
520 ## - SUMMARY, ETC.
Summary, etc. After leaving the jungle for the circus and a life of fame and wealth, a lion who taught himself to be the best shot in the world discovers he's not really a lion anymore, and not really a man, either.
521 ## - TARGET AUDIENCE NOTE
Target audience note NP
650 #0 - SUBJECT ADDED ENTRY--TOPICAL TERM
Topical term or geographic name entry element Lion
Form subdivision Juvenile fiction.
650 #0 - SUBJECT ADDED ENTRY--TOPICAL TERM
Topical term or geographic name entry element Fame
Form subdivision Juvenile fiction.
650 #0 - SUBJECT ADDED ENTRY--TOPICAL TERM
Topical term or geographic name entry element Humorous stories.
906 ## - LOCAL DATA ELEMENT F, LDF (RLIN)
a 7
b cbc
c copycat
d 2
e ncip
f 20
g y-gencatlg
942 ## - ADDED ENTRY ELEMENTS (KOHA)
Source of classification or shelving scheme Dewey Decimal Classification
Koha item type Books
Suppress in OPAC No
999 ## -
-- 1496
-- 1496
Holdings
Withdrawn status Lost status Source of classification or shelving scheme Damaged status Not for loan Collection Home library Current library Shelving location Date acquired Total Checkouts Full call number Barcode Date last seen Price effective from Koha item type
    Dewey Decimal Classification     Non-Fiction Footprints International School Library Network Toul Kork Campus Footprints International School Library Network Toul Kork Campus   08/28/2023   SIL 811.54 PS3569.I47224 FISTK00010 08/28/2023 08/28/2023 Books